Vai trò của giáo dục gia đình đối với sự hình thành và phát triển nhân cách của học sinh THPT.

Na minha lista:
Detalhes bibliográficos
Autor principal: Trần, Thị Hằng
Outros Autores: Nguyễn, Thị Nguyệt, Trần, Thị Ngân, Lê, Đức Tâm (hướng dẫn)
Formato: Livro
Idioma:Vietnamese
Publicado em: Đà Nẵng Trường Đại học Sư phạm 2012
Assuntos:
Tags: Adicionar Tag
Sem tags, seja o primeiro a adicionar uma tag!
Thư viện lưu trữ: Mạng thư viện Đại học Đà Nẵng
LEADER 01656nam a2200373 4500
001 000016919
003 13329
005 20130111150128.0
008 130111s2012 viesd
041 |a vie 
082 1 4 |a 371.46  |b TR-H 
100 1 |a Trần, Thị Hằng 
245 1 0 |a Vai trò của giáo dục gia đình đối với sự hình thành và phát triển nhân cách của học sinh THPT.  |c Trần Thị Hằng, Nguyễn Thị Nguyệt, Trần Thị Ngân ; Lê Đức Tâm hướng dẫn  |k Báo cáo khoa học 
260 |a Đà Nẵng  |b Trường Đại học Sư phạm  |c 2012 
300 |a 65 tr., 5  |c 29 cm. 
500 |a Công trình tham gia hội nghị sinh viên nghiên cứu khoa học Trường Đại học Sư phạm năm 2012. Khoa Giáo dục - Chính trị 
650 0 4 |a Giáo dục gia đình  |v Báo cáo khoa học  |x Học sinh phổ thông 
650 0 4 |a Nhân cách  |v Báo cáo khoa học  |x Học sinh phổ thông 
653 |a Nghiên cứu khoa học 
653 |a Giáo dục phổ thông 
700 1 |a Nguyễn, Thị Nguyệt 
700 1 |a Trần, Thị Ngân 
700 1 |a Lê, Đức Tâm  |e hướng dẫn 
OWN |a LSP 
AVA |a UDN50  |b LSP  |d 371.46 TR-H  |e available  |t Error 5001 Not defined in file expand_doc_bib_avail.  |f 1  |g 0  |h N  |i 0  |k 1 
999 |a From the UDN01 
AVA |a UDN50  |b LSP  |d 371.46 TR-H  |e available  |t Error 5001 Not defined in file expand_doc_bib_avail.  |f 1  |g 0  |h N  |i 0  |k 1 
TYP |a Mixed Materials 
TYP |a Monograph 
TYP |a Printed language 
980 |a Mạng thư viện Đại học Đà Nẵng